Dictionary of terrorism

Bibliographic Details
Main Author: Thackrah, John Richard (Author)
Format: Book
Language:English
PhysicalDescription:xvii, 318 s. 25 cm
Published: London Routledge 2004
ISBN:0415298210
Edition:2nd ed.
Subjects:

MARC

LEADER 00000nam a2200000 a 4500
001 vtls008620472
003 SK-MaSNL
005 20260301021525.0
008 240314s2004 enk g d 001 0 eng
020 |a 0415298210  |q (brož.) 
040 |a SNK  |b slo  |c SNK  |e AACR2 
041 0 |a eng 
044 |a uk  |c GB 
072 7 |a 323  |x Vnútropolitický vývoj, politický život  |2 konspekt 
080 |a 323.28  |2 2001 
080 |a 329.13:323.28  |2 2001 
080 |a 323.28-051  |2 2001 
080 |a (038.072)  |2 2001 
100 1 |a Thackrah, John Richard  |4 aut  |9 310643 
245 1 0 |a Dictionary of terrorism  |c John Richard Thackrah 
250 |a 2nd ed. 
260 |a London  |b Routledge  |c 2004 
300 |a xvii, 318 s.  |c 25 cm 
504 |a Bibliogr. odkazy. Slovník. Skrat. Reg. 
650 0 7 |a terorizmus  |2 SNKPH  |9 4295 
650 0 7 |a teroristické organizácie  |2 SNKPH  |9 4824 
650 0 7 |a teroristi  |2 SNKPH  |9 4766 
655 7 |a výkladové slovníky  |2 SNKPH  |9 69007 
919 |a 0-415-29821-0 
999 |c 565481  |d 567411 
952 |a SNK  |b SNK  |y VYP  |7 0  |p 17A0496758  |o snkIC 132901  |i snk2006/2316  |8 3  |g 49.23  |0 0  |1 0  |4 0  |d 2006-02-06  |l 0  |r 2026-02-23 13:56:18  |w 2026-02-23